书目信息

书名: 重塑与展望2021 
作者: 叶杨 主编 ;中国博物馆协会城市博物馆专业委员会 上海市历史博物馆 上海革命历史博物馆
出版信息: 上海   上海人民出版社  2021.9
开本页数: 26cm  346页
丛书名:
单 册:
中图分类: G2
科图分类:
主题词: 博物馆事业--bo wu guan shi ye--中国--文集
电子资源:
ISBN: 978-7-208-17284-5
000 01792nam0 2200313 450
001 012022001073
005 20220621082327.0
010    @a978-7-208-17284-5@dCNY95.00
100    @a20220519d2021 em y0chiy50 ea
101 @achi@aeng
102    @aCN@b310000
105    @ay a 000yy
106    @ar
200 @a重塑与展望@Achong su yu zhan wang@e中国博物馆协会城市博物馆专业委员会论文集@h2021@d= Reimagine and prospect@eproceedings of CAMOC-CSM@h2021@f中国博物馆协会城市博物馆专业委员会, 上海市历史博物馆, 上海革命历史博物馆编@zeng
210    @a上海@c上海人民出版社@d2021.9
215    @a346页@d26cm
314    @a本书主编: 叶杨
320    @a有书目
330    @a本书收录了2021年中国城市博物馆关于文博发展思考与工作实践总结的论文。围绕“面向新时代的城市博物馆”“城市博物馆教育网络的构建”和“疫情防控常态化时期的城市博物馆”主题, 介绍了各地城市博物馆在新形势下的发展状况, 探讨了城市博物展陈模式的重塑与使命担当、教育网络的构建与宣教工作的创新, 以及疫情防控常态化下博物馆建设对策实践的思考与服务机制的探索等问题。论文研究视角多元, 内容丰富, 观点前瞻, 反映了近年来中国城市博物馆发展概况和研究水平。
510 @aReimagine and prospect@eproceedings of CAMOC-CSM@h2021@zeng
517 @a中国博物馆协会城市博物馆专业委员会论文集@Azhong guo bo wu guan xie hui cheng shi bo wu guan zhuan ye wei yuan hui lun wen ji
606 @a博物馆事业@Abo wu guan shi ye@y中国@j文集
690    @aG2@v5
701  0 @a叶杨@Aye yang@4主编
712 02 @a中国博物馆协会城市博物馆专业委员会@Azhong guo bo wu guan xie hui cheng shi bo wu guan zhuan ye wei yuan hui@4编
712 02 @a上海市历史博物馆@Ashang hai shi li shi bo wu guan@4编
712 02 @a上海革命历史博物馆@Ashang hai ge ming li shi bo wu guan@4编
801  0 @aCN@bCDNYKJZYXY@c20220621
905    @aCDNYKJZYXY@b300663663-5@dG2@e237@f3
    
    重塑与展望:中国博物馆协会城市博物馆专业委员会论文集.2021= Reimagine and prospect:proceedings of CAMOC-CSM.2021/中国博物馆协会城市博物馆专业委员会, 上海市历史博物馆, 上海革命历史博物馆编.-上海:上海人民出版社,2021.9
    346页;26cm
    
    
    ISBN 978-7-208-17284-5:CNY95.00
    本书收录了2021年中国城市博物馆关于文博发展思考与工作实践总结的论文。围绕“面向新时代的城市博物馆”“城市博物馆教育网络的构建”和“疫情防控常态化时期的城市博物馆”主题, 介绍了各地城市博物馆在新形势下的发展状况, 探讨了城市博物展陈模式的重塑与使命担当、教育网络的构建与宣教工作的创新, 以及疫情防控常态化下博物馆建设对策实践的思考与服务机制的探索等问题。论文研究视角多元, 内容丰富, 观点前瞻, 反映了近年来中国城市博物馆发展概况和研究水平。
相关链接 在五车中查询图书 在当当中查询图书 在豆瓣中查询图书


正题名:重塑与展望     索取号:G2/237         预约/预借

序号 登录号 条形码 馆藏地/架位号 状态 备注
1 663663   300663663   柳城-3楼/9架2列5层/ [索取号:G2/237] 在馆    
2 663664   300663664   柳城-3楼/9架2列5层/ [索取号:G2/237] 在馆    
3 663665   300663665   柳城-3楼/9架2列5层/ [索取号:G2/237] 在馆